000 00528nam a2200193Ia 4500
005 20250508160830.0
008 008 250505s9999 xx 000 0 eng d
037 _aTextual
040 _aFEDL
_beng
_cFEDL
041 _aeng
_2eng
084 _a301.15, CAN
_qFEDL
100 _aCantril Hadley
245 0 _aPattern of human concerns
260 _aNew Jersey, USA
_bRutgers University Press
_c1965
300 _axvii,427p.
650 _aSociology
942 _cTEXL
_h301.15, CAN
999 _c1366870
_d1366870